NADĚJE STŘEDNÍ EVROPY

Bibliographic Details
Main Author: Hořec, Jaromír, 1921-2009 (Author)
Format: Article
Language:Czech

MARC

LEADER 00000naa a2200000uu 4500
001 vtls011089597
003 SK-MaSNL
005 20260302105945.0
008 220810|1997 xo |||||||||||||||||cze|
015 |a SNBRA 
035 |a (urnnbn)urn:nbn:sk:snk:ar-a0cpat 
035 |a (uuid)514ab87e-e9cf-4195-8f19-92966a046ca5 
035 |a urn:nbn:sk:snk-aavv2o 
040 |a SNKBUCL  |b slo  |c SNKBUCL  |e AACR2 
041 0 |a cze 
044 |a xo  |c SK 
100 1 |a Hořec, Jaromír,  |d 1921-2009  |4 aut  |9 263245 
245 1 0 |a NADĚJE STŘEDNÍ EVROPY  |c JAROMÍR HOŘEC 
773 0 |t Střední Evropa a Podkarpatská Rus  |d Praha : Česká expedice, 1997  |g S. 6-11  |z 8085281473 
954 |a odborná, vedecká literatúra cudzojazyčná (svetová)  |2 lita 
958 |a OND 
958 |a article12 
958 |a chapter 
999 |c 1241021  |d 1242951